00438 2200181 4500245004400000020001800044250001100062100002000073700001600093700001300109650002200122005001900144260003000163041001400193084001100207300002900218336000900247 aGenerasi LanggascYoris SebastianhText a979-780-871-6 aCet. 1 aYoris Sebastian aDilla Amran aYouthlab aPengembangan Diri a20230117090011 aJakartabGagasMediac2016 aIndonesia a155.25 aviii, 914 hlm. :c19 cm. atext